Statistics for World Capitals by First Two Letters in 60 Seconds

Click here to take the quiz!

General Stats

  • This quiz has been taken 310 times
  • The average score is 105 of 196

Answer Stats

countrycapital% Correct
ChinaBeijing
94%
LebanonBeirut
94%
SerbiaBelgrade
94%
BelizeBelmopan
94%
GermanyBerlin
94%
SwitzerlandBern
94%
GrenadaSt George's
90%
Antigua and BarbudaSt John's
90%
South AfricaPretoria, Cape Town
or Bloemfontein
89%
BrazilBrasília
87%
SlovakiaBratislava
87%
CongoBrazzaville
87%
BarbadosBridgetown
87%
BelgiumBrussels
87%
KiribatiSouth Tarawa
86%
BeninPorto-Novo or
Cotonou
84%
YemenSana'a
84%
Costa RicaSan José
84%
San MarinoSan Marino
84%
El SalvadorSan Salvador
84%
ChileSantiago
84%
Dominican
Republic
Santo Domingo
84%
São Tomé and PríncipeSão Tomé
84%
Bosnia and
Herzegovina
Sarajevo
84%
MicronesiaPalikir
83%
PanamaPanama City
83%
SurinameParamaribo
83%
FranceParis
83%
SpainMadrid
81%
Marshall IslandsMajuro
81%
Equatorial GuineaMalabo
81%
MaldivesMalé
81%
NicaraguaManagua
81%
BahrainManama
81%
PhilippinesManila
81%
MozambiqueMaputo
81%
LesothoMaseru
81%
RomaniaBucharest
77%
HungaryBudapest
77%
ArgentinaBuenos Aires
77%
BurundiBujumbura
77%
Sri LankaSri
Jayawardenepura
Kotte
77%
AustriaVienna
76%
AndorraAndorra
la Vella
75%
TurkeyAnkara
75%
MadagascarAntananarivo
75%
GuineaConakry
75%
DenmarkCopenhagen
75%
SomaliaMogadishu
75%
MonacoMonaco
75%
LiberiaMonrovia
75%
UruguayMontevideo
75%
ComorosMoroni
75%
RussiaMoscow
75%
IraqBaghdad
74%
AzerbaijanBaku
74%
MaliBamako
74%
BruneiBandar Seri
Begawan
74%
ThailandBangkok
74%
Central African
Republic
Bangui
74%
GambiaBanjul
74%
St Kitts and NevisBasseterre
74%
BelarusMinsk
71%
TaiwanTaipei
71%
EstoniaTallinn
71%
UzbekistanTashkent
71%
AlbaniaTirana
71%
SeychellesVictoria
71%
LaosVientiane
71%
LithuaniaVilnius
71%
BulgariaSofia
69%
EgyptCairo
67%
AustraliaCanberra
67%
VenezuelaCaracas
67%
St LuciaCastries
67%
GreeceAthens
65%
IrelandDublin
65%
TajikistanDushanbe
65%
ItalyRome
65%
DominicaRoseau
65%
CzechiaPrague
63%
Cabo VerdePraia
63%
KosovoPristina
63%
LatviaRiga
63%
Saudi ArabiaRiyadh
63%
PolandWarsaw
62%
United StatesWashington
62%
FinlandHelsinki
60%
AfghanistanKabul
60%
UgandaKampala
60%
NepalKathmandu
60%
IcelandReykjavík
60%
GabonLibreville
59%
MalawiLilongwe
59%
PeruLima
59%
PortugalLisbon
59%
TogoLomé
57%
United KingdomLondon
57%
LiechtensteinVaduz
52%
MaltaValletta
52%
Vatican CityVatican City
52%
ColombiaBogotá
51%
BoliviaLa Paz or Sucre
51%
CroatiaZagreb
51%
UkraineKiev
48%
RwandaKigali
48%
JamaicaKingston
48%
St Vincent and
the Grenadines
Kingstown
48%
Dem Rep CongoKinshasa
48%
SwedenStockholm
48%
JordanAmman
47%
NetherlandsAmsterdam
47%
TurkmenistanAshgabat
46%
EritreaAsmara
46%
KazakhstanAstana
46%
ParaguayAsunción
46%
NorwayOslo
46%
Papua New
Guinea
Port Moresby
46%
Trinidad and TobagoPort-of-Spain
46%
VanuatuPort Vila
46%
AngolaLuanda
45%
ZambiaLusaka
45%
LuxembourgLuxembourg
45%
MontenegroPodgorica
45%
HaitiPort-au-Prince
45%
MauritiusPort Louis
45%
IndiaNew Delhi
44%
PalauNgerulmud
42%
JapanTokyo
41%
AlgeriaAlgiers
40%
MexicoMexico City
40%
HondurasTegucigalpa
39%
IranTehran
39%
MoldovaChișinău
38%
IndonesiaJakarta
37%
KenyaNairobi
37%
BahamasNassau
37%
MyanmarNaypyidaw
37%
NigerNiamey
37%
CyprusNicosia
37%
KyrgyzstanBishkek
35%
Guinea-BissauBissau
35%
SingaporeSingapore
35%
South KoreaSeoul
34%
SenegalDakar
33%
SyriaDamascus
33%
MalaysiaKuala Lumpur
32%
KuwaitKuwait City
32%
EcuadorQuito
32%
OmanMuscat
31%
CanadaOttawa
31%
ArmeniaYerevan
31%
BangladeshDhaka
29%
VietnamHanoi
29%
ZimbabweHarare
29%
CubaHavana
29%
FijiSuva
29%
MoroccoRabat
28%
MacedoniaSkopje
28%
TanzaniaDodoma
27%
QatarDoha
27%
BotswanaGaborone
27%
GuyanaGeorgetown
27%
BhutanThimphu
26%
CambodiaPhnom Penh
25%
GeorgiaTbilisi
25%
IsraelJerusalem
24%
United Arab
Emirates
Abu Dhabi
23%
NigeriaAbuja
23%
TunisiaTunis
22%
Timor-LesteDili
21%
SloveniaLjubljana
20%
PakistanIslamabad
19%
New ZealandWellington
19%
Solomon IslandsHoniara
18%
GhanaAccra
17%
EthiopiaAddis Ababa
17%
GuatemalaGuatemala City
17%
Côte d'IvoireYamoussoukro
17%
CameroonYaoundé
17%
NauruYaren
17%
DjiboutiDjibouti
16%
MauritaniaNouakchott
16%
North KoreaPyongyang
16%
TongaNukuʻalofa
14%
South SudanJuba
13%
Burkina FasoOuagadougou
13%
LibyaTripoli
13%
MongoliaUlaanbaatar
12%
TuvaluFunafuti
11%
ChadN'Djamena
11%
SamoaApia
10%
SudanKhartoum
10%
SwazilandMbabane
10%
NamibiaWindhoek
10%
Sierra LeoneFreetown
8%

Score Distribution

Percentile by Number Answered

Percent of People with Each Score

Your Score History

You have not taken this quiz